Geography Quizhanger #6 - Statistics

General Stats
  • This quiz has been taken 278 times
  • The average score is 7 of 12
Answer Stats
Clue Answer % Correct
The only nation that borders both Spain and France (A)ndorra
93%
Area once known as Russian America (A)laska
79%
The most populous Central American country (G)uatemala
79%
State capital of Tennessee (N)ashville
78%
Name for Zimbabwe from 1965-1979 (R)hodesia
72%
Pacific country whose capital is Funafuti (T)uvalu
68%
US state who’s capital is Harrisburg (P)ennsylvania
63%
Capital of The Gambia (B)anjul
50%
The third most populated city in Japan (after Tokyo and Osaka)(Metropolitan area population) (N)agoya
47%
Currency of Afghanistan (A)fghani
39%
City a Burqueño would be from (A)lbuquerque
23%
MOUNTAIN Nanga Parbat
21%
No matching quizzes found
Score Distribution
Percent of People with Each Score
Percentile by Number Answered
Your Score History
You have not taken this quiz